MARC

LEADER 00000nas a2200000 a 4500
001 ssj0000215
003 WaSeSS
005 20200512172242.0
006 m d
007 cr n
008 980402d19692002nyubr p s 0 a0eng
010 |a sn 98023044  
016 7 |a 2010197-1  |2 DE-600 
022 |a 2325-5617  |y 0014-7354 
035 |a (WaSeSS)ssj0000215 
040 |a OUN  |b eng  |c OUN  |d EYM  |d OCL  |d IUL  |d OCLCQ  |d EYM  |d OCLCQ  |d CUS  |d WEA  |d OCLCQ  |d DLC  |d OCLCQ  |d OCLCF  |d OCLCO  |d OCLCQ  |d DEBBG  |d OCLCA  |d GILDS  |d NJT  |d U3W  |d OCLCO  |d WaSeSS 
042 |a pcc  |a nsdp 
043 |a n-us--- 
050 1 4 |a HQ763 
082 0 0 |a 362.8/2  |2 23 
130 0 |a Family planning perspectives (Online) 
222 0 |a Family planning perspectives  |b (Online) 
245 1 0 |a Family planning perspectives  |h [electronic resource]. 
246 3 0 |a Perspectives 
260 |a New York, N.Y. :  |b Center for Family Planning Program Development,  |c 1969-2001. 
310 |a Bimonthly,  |b 1975-2001 
321 |a Quarterly,  |b 1969-1974 
362 0 |a Vol. 1, no. 1 (spring 1969)-v. 33, no. 6 (Nov./Dec. 2001). 
500 |a Title from title screen (JSTOR, viewed Mar. 24, 1998). 
506 |a License restrictions may limit access. 
538 |a Mode of access: World Wide Web. 
550 |a Published by: The Center for Family Planning Program Development, 1969-1971; Planned Parenthood Federation of America, Inc., 1971-Oct. 1977; Alan Guttmacher Institute, Nov. 1977-2001. 
588 |a Latest issue consulted: Vol. 33, no. 6 (Nov./Dec., 2001) (JSTOR website, viewed Nov. 27, 2012). 
650 0 |a Birth control  |v Periodicals. 
650 0 |a Birth control  |z United States  |v Periodicals. 
650 7 |a Birth control.  |2 fast  |0 (OCoLC)fst00833148 
651 7 |a United States.  |2 fast  |0 (OCoLC)fst01204155 
655 0 |a Electronic journals. 
710 2 |a Center for Family Planning Program Development (Planned Parenthood-World Population) 
710 2 |a Planned Parenthood Federation of America. 
710 2 |a Alan Guttmacher Institute. 
776 1 |t Family planning perspectives  |x 0014-7354  |w (DLC) 72620943  |w (OCoLC)829761 
785 0 0 |t Perspectives on sexual and reproductive health (Online)  |x 1931-2393  |w (DLC) 2005242039  |w (OCoLC)51493885 
856 4 0 |z Full text available from Research Library: 07/01/1991 to 2001  |u https://search.proquest.com/publication/27515